000 00616nam a22002172 4500
001 0000003979
005 20151217145747.0
008 070517s xx 000 0 eng d
020 _a0074602225 :
_cGBP 29.99
040 _aKABU
_cKABU
050 0 _aQA76.5
_b.M38 1989
100 1 _aMathur, Aditya P.
_@0000154273
245 1 0 _aIntroduction to microprocessors.
250 _a3rd ed.
260 _aNew Delhi :
_bTata McGraw-Hill,
_c1989.
300 _axx, 612 p. ;
_c cm.
650 0 _aMicroprocessors.
_@0000154274
908 _a070517
950 _@1
999 _c2351
_d2351